Ready player one
If it's a concern for you, the movie is very clean. Not much for dialogue, so no swearing. No sexual content. I was worried it would have cheesy, unnecessary gore; It does not have that. The blood is pretty mild in my opinion... tasteful seems like a weird word to use for blood. But, uh, tastef...
Wedi'i Gadw mewn:
| Fformat: | Llyfr |
|---|---|
| Iaith: | Undetermined |
| Cyhoeddwyd: |
London
Terri white, Empire
2018
|
| Pynciau: | |
| Tagiau: |
Ychwanegu Tag
Dim Tagiau, Byddwch y cyntaf i dagio'r cofnod hwn!
|
| Thư viện lưu trữ: | Trung tâm Học liệu Trường Đại học Cần Thơ |
|---|
| LEADER | 00756nam a2200181Ia 4500 | ||
|---|---|---|---|
| 001 | CTU_231683 | ||
| 008 | 210402s9999 xx 000 0 und d | ||
| 020 | |c 832500 | ||
| 082 | |a 791.43 | ||
| 082 | |b R287 | ||
| 245 | 0 | |a Ready player one | |
| 260 | |a London | ||
| 260 | |b Terri white, Empire | ||
| 260 | |c 2018 | ||
| 520 | |a If it's a concern for you, the movie is very clean. Not much for dialogue, so no swearing. No sexual content. I was worried it would have cheesy, unnecessary gore; It does not have that. The blood is pretty mild in my opinion... tasteful seems like a weird word to use for blood. But, uh, tasteful. | ||
| 650 | |a Thực tế ảo,Virtual reality | ||
| 910 | |b dqhieu | ||
| 980 | |a Trung tâm Học liệu Trường Đại học Cần Thơ | ||